000 00497nam a2200205Ia 4500
003 IN-BaIIA
008 211028s9999 xx 000 0 eng d
020 _a0-534-39204-0
040 _cIIA Library
080 _a52
_bSEE
100 _aSeeds, M. A
_923670
245 0 _aFoundations of astronomy
_cM. A. Seeds
250 _a7th ed.
260 _aAustralia
_bBrooks-Cole
_c2002
300 _axx, 668p.
650 _aAstronomy
_980
650 _aStars
650 _aUniverse
_91987
942 _cBK
999 _c14909
_d14909